Movies Quiz

Random Movies or Actor Quiz
Score 0/25 Timer 03:00
3 Plays Today
% Correct
Genie
93.1%
Dory
90.8%
Po
90.2%
Princess Fiona
89.3%
Rango
83.4%
Joy
81.7%
Gru
81.3%
Sulley
78.4%
Barry
77.9%
Mushu
77.8%
Frozone
76.3%
Anna
76%
Alex
71.9%
% Correct
Ginormica
71.3%
Megamind
71.1%
Emmet
70.5%
Oscar
69.7%
Simba
63.8%
Bolt
61.8%
Zee
61.4%
Iron Giant
59.3%
Chicken Little
52.8%
Grug
51.7%
RJ
50.6%
Milo Thatch
50.3%

You're not logged in!

Compare scores with friends on all Sporcle quizzes.
OR
Log In

Sporcle TV

Today on Sporcle TV


Watch our educational content, quiz creation guides, and fun videos on Sporcle TV.

Show Comments

Extras

Top Quizzes Today


Score Distribution

Your Account Isn't Verified!

In order to create a playlist on Sporcle, you need to verify the email address you used during registration. Go to your Sporcle Settings to finish the process.

Report this User

Report this user for behavior that violates our Community Guidelines.

Details: